<?xml version="1.0" encoding="UTF-8"?><?xml-stylesheet type="text/xsl" href="static/style.xsl"?><OAI-PMH xmlns="http://www.openarchives.org/OAI/2.0/" xmlns:xsi="http://www.w3.org/2001/XMLSchema-instance" xsi:schemaLocation="http://www.openarchives.org/OAI/2.0/ http://www.openarchives.org/OAI/2.0/OAI-PMH.xsd"><responseDate>2026-04-13T04:59:48Z</responseDate><request verb="GetRecord" identifier="oai:www.recercat.cat:2445/113250" metadataPrefix="marc">https://recercat.cat/oai/request</request><GetRecord><record><header><identifier>oai:recercat.cat:2445/113250</identifier><datestamp>2025-12-04T19:45:24Z</datestamp><setSpec>com_2072_1057</setSpec><setSpec>col_2072_478803</setSpec><setSpec>col_2072_478917</setSpec></header><metadata><record xmlns="http://www.loc.gov/MARC21/slim" xmlns:dcterms="http://purl.org/dc/terms/" xmlns:xsi="http://www.w3.org/2001/XMLSchema-instance" xmlns:doc="http://www.lyncode.com/xoai" xsi:schemaLocation="http://www.loc.gov/MARC21/slim http://www.loc.gov/standards/marcxml/schema/MARC21slim.xsd">
   <leader>00925njm 22002777a 4500</leader>
   <datafield ind2=" " ind1=" " tag="042">
      <subfield code="a">dc</subfield>
   </datafield>
   <datafield ind2=" " ind1=" " tag="720">
      <subfield code="a">Palos, José</subfield>
      <subfield code="e">author</subfield>
   </datafield>
   <datafield ind2=" " ind1=" " tag="260">
      <subfield code="c">2017-07-03T11:37:52Z</subfield>
   </datafield>
   <datafield ind2=" " ind1=" " tag="260">
      <subfield code="c">2017-07-03T11:37:52Z</subfield>
   </datafield>
   <datafield ind2=" " ind1=" " tag="260">
      <subfield code="c">2011</subfield>
   </datafield>
   <datafield ind2=" " ind1=" " tag="260">
      <subfield code="c">2017-07-03T11:37:52Z</subfield>
   </datafield>
   <datafield ind2=" " ind1=" " tag="520">
      <subfield code="a">Es diu que l'escola ha d'ajudar a formar ciutadans i ciutadanes competents per desenvolupar i participar en la societat en què vivim. Això és un repte per a l'escola tant des de la concreció i desenvolupament dels continguts curriculars com des de la metodologia educativa. Perquè hi hagi un veritable aprenentatge competencial, i sempre des d'una concepció sistèmica de la competència, la metodologia de treball hauria de complir alguns requisits mínims. L'aprenentatge servei (APS) és una metodologia que uneix l'aprenentatge i el servei a la comunitat en un mateix projecte educatiu. Les seves característiques coincideixen en gran mesura amb les necessitats metodològiques d'un aprenentatge competencial, com ara la integració de coneixements, la funcionalitat dels aprenentatges, la contextualització, l'increment de l'autonomia, la participació i implicació personals. Per tot això es pot afirmar que l'APS és una metodologia idònia perquè hi hagi un aprenentatge competencial, però a més perquè integra escola i comunitat i, perquè des d'una concepció global de la competència, és una bona pràctica d'aprenentatge de competències amb una implicació i compromís social.</subfield>
   </datafield>
   <datafield tag="653" ind2=" " ind1=" ">
      <subfield code="a">Aprenentatge servei</subfield>
   </datafield>
   <datafield tag="653" ind2=" " ind1=" ">
      <subfield code="a">Educació</subfield>
   </datafield>
   <datafield tag="653" ind2=" " ind1=" ">
      <subfield code="a">Ciutadania</subfield>
   </datafield>
   <datafield tag="653" ind2=" " ind1=" ">
      <subfield code="a">Service learning</subfield>
   </datafield>
   <datafield tag="653" ind2=" " ind1=" ">
      <subfield code="a">Education</subfield>
   </datafield>
   <datafield tag="653" ind2=" " ind1=" ">
      <subfield code="a">Citizenship</subfield>
   </datafield>
   <datafield ind2="0" ind1="0" tag="245">
      <subfield code="a">Aprenentatge servei. Aprendre de forma competencial i amb responsabilitat social</subfield>
   </datafield>
</record></metadata></record></GetRecord></OAI-PMH>